Romeo y Julieta
Furkejuvvon:
| Váldodahkki: | |
|---|---|
| Materiálatiipa: | Girji |
| Giella: | espánnjágiella |
| Almmustuhtton: |
Santiago
Nacional Gabriela Mistral
1975
|
| Preanttus: | 1a. ed |
| Ráidu: | Fondo Escolar
|
| Fáttát: | |
| Fáddágilkorat: |
Lasit fáddágilkoriid
Eai fáddágilkorat, Lasit vuosttaš fáddágilkora!
|
MARC
| LEADER | 00000nam a2200000 a 4500 | ||
|---|---|---|---|
| 001 | UCH6335 | ||
| 003 | CL-VaPUC | ||
| 008 | 091109e19750000CL |||||||||||||||||spa|d | ||
| 082 | 0 | 4 | |a 822.33 |b SHA |2 21 |
| 100 | |a Shakespeare, William |e author |9 265757 | ||
| 245 | 1 | 0 | |a Romeo y Julieta |
| 250 | |a 1a. ed | ||
| 300 | |a 171 p | ||
| 942 | |c BK | ||
| 945 | |d 20091109 00:00:00 |a lazolas | ||
| 260 | |a Santiago |b Nacional Gabriela Mistral |c 1975 | ||
| 650 | 0 | |a Teatro inglés |9 265744 | |
| 650 | 0 | |a Dramas ingleses |9 269396 | |
| 650 | 7 | |a BIOGRAFIA |2 CL-VaPUC |9 504622 | |
| 583 | |a last modification |c 20091109 00:00:00 |k Rodrigo Vera | ||
| 490 | 0 | |a Fondo Escolar | |
| 999 | |c 337241 |d 337239 | ||